El alcance global de la contaminación: noticias de salud ambiental ehp-spm /

La contaminación atmosférica, ha sido monitoreada satelitalmente desde 1980, mediante instrumentos tecnológicos que permiten visualizar las complejas fluctuaciones de varios contaminantes, tales como partículas suspendidas, bióxido de nitrógeno, monóxido de carbono, formaldehído, entre muchas otras....

Täydet tiedot

Tallennettuna:
Bibliografiset tiedot
Päätekijä: Weinhold, Bob
Aineistotyyppi: Teksti
Aiheet:
Tagit: Lisää tagi
Ei tageja, Lisää ensimmäinen tagi!

MARC

LEADER 00000 a a2200000 04500
001 40035
003
040
100 |a Weinhold, Bob  
245 |a El alcance global de la contaminación:   |b noticias de salud ambiental ehp-spm /  |c Bob Weinhold  
520 |a La contaminación atmosférica, ha sido monitoreada satelitalmente desde 1980, mediante instrumentos tecnológicos que permiten visualizar las complejas fluctuaciones de varios contaminantes, tales como partículas suspendidas, bióxido de nitrógeno, monóxido de carbono, formaldehído, entre muchas otras. Las partículas suspendidas principalmente pueden causar una gama de problemas respiratorios y cardiovasculares, y en general todos los contaminantes afectan la salud de las personas, desencadenando enfermedades. Por lo que se han implementado proyectos, con la finalidad de rastrear los contaminantes a través de satélites y realizar cálculos y mediciones de las emisiones desde la tierra, para pronosticar la calidad de aire, alertar a profesionales en salud y ofrecer información sobre cuestiones ambientales de salud, como la propagación de enfermedades infecciosas, el polvo, el calor, los cambios en el uso del suelo y el cambio climático.  
590 |a SJB/SETIEMBRE2010  
650 |a 1.CONTAMINACION ATMOSFERICA  
650 |a 2.TECNOLOGIA  
650 |a 3.SALUD  
773 |g volumen51, número2 ( 2009), páginas 162-172 : mapas  
999 |c 34475  |d 34475